000 00556nam a22001817a 4500
005 20240314101825.0
008 240314b |||||||| |||| 00| 0 eng d
020 _a9788121 924986
041 _aeng
082 _a720.7
_bAGG
100 _aAggarwal R S.
245 _aQuantitative Aptitude For Competitive Examinations
260 _aNew Delhi
_bS Chand & Company Ltd.
_c2008
300 _a726p
_bPb
_c24 x 17
365 _aINR
_b1.00
_cRuapye
500 _aH C F & Lc m Of Numbers Desimal Fractions Simplication Square Roofs& Cube Roots
942 _cDB
999 _c357597
_d357597